Statistics for English Premier League Clubs to Cities Map

Click here to take the quiz!

General Stats

  • This quiz has been taken 65 times
    (48 since last reset)
  • The average score is 22 of 33

Answer Stats

Clubs % Correct
Everton & Liverpool
100%
Bolton Wanderers, Manchester City, Manchester United, Oldham Athletic & Wigan Athletic
100%
Aston Villa, Birmingham City & West Bromwich Albion
97%
Newcastle United
94%
Arsenal, Charlton Athletic, Chelsea, Crystal Palace, Fulham, QPR, Tottenham, West Ham United & Wimbledon
94%
Cardiff City
90%
Southampton
87%
Brighton & Hove Albion
87%
Swansea City
84%
Leicester City
84%
Norwich City
81%
Sunderland
77%
Bournemouth
71%
Leeds United
71%
Sheffield United & Sheffield Wednesday
68%
Middlesbrough
68%
Portsmouth
65%
Wolverhampton Wanderers
65%
Hull City
61%
Stoke City
61%
Derby County
58%
Nottingham Forest
58%
Burnley
58%
Blackburn Rovers
55%
Watford
52%
Ipswich Town
45%
Huddersfield Town
45%
Bradford City
42%
Blackpool
42%
Reading
39%
Coventry City
35%
Swindon Town
29%
Barnsley
23%

Score Distribution

Percentile by Number Answered

Percent of People with Each Score

Your Score History

You have not taken this quiz since the last reset